Southville International School and Colleges
Your cart is empty.
  • Cart
  • Lists
    Public lists Eva Luna New books Lux_list list_1
    Your lists Log in to create your own lists
  • Log in to your account
  • Your cookies
  • Search history
Southville International School and Colleges
  • Advanced search
  • Recent comments
  • Most popular
  • Libraries

Log in to your account

Log in with GOOGLE


If you do not have an external account, but do have a local account, you can still log in:

  1. Home
  2. MARC view: 365 bedtime stories /
Normal view MARC view ISBD view

365 bedtime stories / (Record no. 12394)

[ view plain ]
MARC details
000 -LEADER
fixed length control field 00550nam a22001937a 4500
003 - CONTROL NUMBER IDENTIFIER
control field OSt
005 - DATE AND TIME OF LATEST TRANSACTION
control field 20140310182352.0
008 - FIXED-LENGTH DATA ELEMENTS--GENERAL INFORMATION
fixed length control field 130312t xxu||||| |||| 00| 0 eng d
050 ## - LIBRARY OF CONGRESS CALL NUMBER
Classification number PZ 5
Item number .M478 1995
082 ## - DEWEY DECIMAL CLASSIFICATION NUMBER
Classification number GS 398.2
Item number Wi67 1997
100 ## - MAIN ENTRY--PERSONAL NAME
Personal name Mckie, Anne
9 (RLIN) 21746
245 ## - TITLE STATEMENT
Title 365 bedtime stories /
Statement of responsibility, etc written by Anne Mckie; illustrated by ken Mckie.
260 ## - PUBLICATION, DISTRIBUTION, ETC. (IMPRINT)
Place of publication, distribution, etc New York :
Name of publisher, distributor, etc Broadway Books,
Date of publication, distribution, etc 1997
300 ## - PHYSICAL DESCRIPTION
Dimensions 28 cm.
Other physical details ill. col. ;
650 ## - SUBJECT ADDED ENTRY--TOPICAL TERM
Topical term or geographic name as entry element Story book
9 (RLIN) 21893
650 ## - SUBJECT ADDED ENTRY--TOPICAL TERM
Topical term or geographic name as entry element Short story
9 (RLIN) 22219
942 ## - ADDED ENTRY ELEMENTS (KOHA)
Source of classification or shelving scheme Library of Congress Classification
Koha item type
Holdings
Withdrawn status Lost status Source of classification or shelving scheme Damaged status Home library Current library Shelving location Date acquired Total Checkouts Full call number Barcode Date last seen Copy number Price effective from Koha item type
    Library of Congress Classification   Luxembourg Library Luxembourg Library Grade School Section 09/30/2013   PZ 5 .M478 1995 6032 02/09/2015 1 09/30/2013 Books

365 bedtime stories /

APA

Mckie A., . (1997). 365 bedtime stories. New York: Broadway Books.

Chicago

Mckie Anne, . 1997. 365 bedtime stories. New York: Broadway Books.

Harvard

Mckie A., . (1997). 365 bedtime stories. New York: Broadway Books.

MLA

Mckie Anne, . 365 bedtime stories. New York: Broadway Books. 1997.

  • Place hold
  • Print
  • Cite
  • Add to your cart (remove)
  • Save record
    BIBTEX Dublin Core MARCXML MARC (non-Unicode/MARC-8) MARC (Unicode/UTF-8) MARC (Unicode/UTF-8, Standard) MODS (XML) RIS
  • More searches
    Search for this title in:
    Other Libraries (WorldCat) Other Databases (Google Scholar) Online Stores (Bookfinder.com) Open Library (openlibrary.org)

Exporting to Dublin Core...

SOUTHVILLE LIBRARY

Southville International School and Colleges Library

1281 Tropical Ave. Cor. Luxembourg St., BF Homes International, Las Pinas City

Tel. No. 8256374 / 252358 Loc. 117/146

Powered by Koha